Subjetividad y Cultura No. 16 · abril 2001 /

Subjetividad y Cultura, revista mexicana de psicología, cuyo título busca expresar la relación sujeto-sociedad como centro de la praxis profesional del campo y eje de los problemas disciplinarios específicos. El número 16 (abril de 2001) está formado por las siguientes secciones y colaboraciones: I)...

全面介紹

Guardado en:
書目詳細資料
其他作者: Campuzano, Mario (dirección) (dirección), Guinsberg, Enrique (dirección) (dirección), Matrajt, Miguel (dirección) (dirección)
格式: 圖書
語言:西班牙语
出版: México : Plaza y Janés, 2001
叢編:(Subjetividad y Cultura ; 16)
主題:
標簽: 添加標簽
沒有標簽, 成為第一個標記此記錄!

MARC

LEADER 00000nam^a2200000^a^4500
001 000630265
005 20260410000000.0
009 20260410195519.105
020 |a 968-856-936-4 
037 |a Acervo ITESO - Biblioteca 
041 |a ESP 
082 |a 150. 5  |b SUB V. 16 
240 1 0 |a [Subjetividad y Cultura] 
245 0 0 |a Subjetividad y Cultura No. 16 · abril 2001 /  |c Dir. de M. Campuzano, E. Guinsberg. M. Matrajt. 
264 1 |a México :  |b Plaza y Janés,  |c 2001 
300 |a 118 p. 
336 |a texto  |b txt  |2 rdacontenido 
337 |a sin mediación  |b n  |2 rdamedio 
338 |a volumen  |b nc  |2 rdasoporte 
440 1 |a (Subjetividad y Cultura ;  |v 16) 
520 |a Subjetividad y Cultura, revista mexicana de psicología, cuyo título busca expresar la relación sujeto-sociedad como centro de la praxis profesional del campo y eje de los problemas disciplinarios específicos. El número 16 (abril de 2001) está formado por las siguientes secciones y colaboraciones: I) Este número. II) Textos: 1) Subjetividad y control social: un tema central de hoy y siempre, por Enrique Guinsberg, Miguel Matrajt Karsemboin y Mario Campuzano Montoya, los tres codirectores de la revista; 2) Producción de miedo y de inseguridad, por Cecilia María B. de Coimbra; 3) La religión como sistema delirante, por Juan Vives Rocabert; 4) El dolor en la cultura actual, por Diana Singer; 5) Solidaridad, lazo social y grupos: un aspecto particular de la actual crisis del psicoanálisis, por Marcos Bernard; 6) El grupo red, puente entre el dolor y la esperanza: implementación de las técnicas del psicodrama en el grupo de admisión de pacientes de una clínica que da servicio a la comunidad, por María Carmen Bello, y 7) El psicoanálisis grupal no es un psicoanálisis individual "en público": el problema de la interpretación en grupo, por Jorge Sánchez-Escárcega. 
520 |a III) Bibliográficas: 8) "El conocimiento en construcción: de los formulaciones de Jean Piaget a la teoría de sistemas complejos", de Rolando García, por M. Matrajt Karsemboin; 9) "Bases de la terapia de grupo", de Isabel Díaz Portillo, por M. Campuzano Montoya; 10) "La vida en pantalla: la construcción de la identidad en la era de Internet", de Sherry Turkle, por E. Guinsberg, y 11) Revisando cine: A 30 años de "La naranja mecánica", de Stanley Kubrick, por Eva González Weichselbaum y Jorge Galeano Massera, y 12) Publicaciones recibidas. IV) Noticias y comentarios: 13) III Congreso Inernacional de Psicopatología y Psicodinámica del Trabajo, de M. Matrajt Karsemboin; 14) Primer Congreso Virtual de Psicoanálisis, de Enrique Carpintero; 15) Claudio Arrau y el psicoanálisis, de Enrique Guinsberg; 16) Décimo aniversario de la revista Topia, de Enrique Carpintero, César Hazaki y Alejandro Vainer; 17) "Psi" y literatura: dos cuentos de Fabián Broltman; 18) PsInternet; 19) Poema de Carlos Drummond de Andrade y 20) Chiapas: "Testamento: después de la Guerra, después de la batalla", de Jorge Santiago S. 
567 |a Catalogación rápida 
649 |a XX 
650 |a Subjetividad (Psicología) -  |x Aspectos Sociales y Culturales -  |x Publicaciones Periódicas 
650 |a Psicología -  |x Publicaciones Periódicas -  |x Tema Principal 
650 |a Publicaciones Periódicas Mexicanas 
650 |a Publicaciones Periódicas 
700 |a Campuzano, Mario  |e (dirección) 
700 |a Guinsberg, Enrique  |e (dirección) 
700 |a Matrajt, Miguel  |e (dirección) 
910 |a Fondo Castillo-Martínez 
920 |a Impresos - Libros 
930 |a Fondos Especiales 
905 |a 127 
901 |a 630265-10  |b IT2  |c ESP  |i D128953  |u 20260410 
902 |a https://opac.biblio.iteso.mx/vufind/Record/000630265